00690nam a2200217 a 450000100060000000300080000600500170001400800410003103500190007203500120009104000220010304100080012508200200013310000390015324501010019226000380029330000230033149000420035465000320039670000440042842039BD-RjUL20211209053503.0160608s1956 usu 000 0 eng d a(BD-RjUL)42157 a2506395 aANLbengcBD-RjUL aeng a341.2bWAG 19561 aWatkins, James T.q(James Thomas),10aGeneral international organization :ba source book /cJames T. Watkins and J. William Robinson. aPrinceton :bVan Nostrand,c1956. axi, 248p. ;c23cm.0 aVan Nostrand political science series 0aInternational organization.1 aRobinson, Joseph William,d1907- ,eed.